000 00559nam a2200205Ia 4500
003 GCL
008 140319s9999 xx 000 0 ara d
040 _aGCL /
_cGCL
082 0 4 _a920.37
_bت ت
100 1 _aتوماس، هنرى
245 1 0 _aتوماس الفا اديسون /
_cتوماس، هنرى
700 1 _aمحمد بدران
700 1 _aعبدالغنى على حسين
300 _a114 ص
490 _aالالف كتاب
_v0
650 0 4 _aالعلماء
650 0 4 _aالكهرباء
650 0 4 _aاديسون
942 _2ddc
_cBK
999 _c45986
_d45986